000 00329pab a2200145 454500
008 180718b1983 xxu||||| |||| 00| 0 eng d
100 _aStone, Daniel Butler
245 _aThe critical mass
260 _c1983
300 _a39-43
362 _aSummer
650 _aCivil Service - U.S.A.
773 _aBureaucrat
909 _a5865
999 _c5865
_d5865